| Registos Bibliográficos associados ao registo de autoridade |
|
Etiqueta de registo: 00000nam 2200025 450 001 2286220 003 http://id.bnportugal.gov.pt/bib/catbnp/2286220 100 ## $a20260512d2025 k y0pory01030103ba 101 0# $aeng$dpor 102 ## $aPT 105 ## $aa m 000yy 106 ## $ar 200 1# $aOptimal control of stochastic differential equations in finance$fPaulo Henrique Contente Rocha$gorient. João Pedro Boto, Fernanda Cipriano 210 #9 $aLisboa$c[s.n.],$d2025 215 ## $aXII, 125 p.$cil.$d30 cm$ecurriculum vitae (4 p.) 328 #1 $aTese dout. Matemática (Análise Matemática), Faculdade de Ciências, Universidade de
Lisboa, 2025 700 #1 $aRocha,$bPaulo Henrique Contente$31998254 702 #1 $aBoto,$bJoão Pedro,$f1962-$4727$352938 702 #1 $aMarques,$bMaria Fernanda de Almeida Cipriano Salvador$4727$31872458 801 #0 $aPT$bBN$gRPC 966 ## $lBN$mFGMON$x1 971 ## $corlando$d20260512
|
|
|